| 000 | 00498nam a2200169 i 4500 | ||
|---|---|---|---|
| 001 | 107462 | ||
| 003 | ES-MaACL | ||
| 005 | 20230906184427.0 | ||
| 007 | t| | ||
| 008 | 061121s1972 sp r ||||1| spa d | ||
| 100 | 1 |
_aMoratiel, Sergio. _983156 |
|
| 245 | 1 | 3 |
_aLa poesía en acción de Victoriano Cremer / _cpor Sergio Moratiel. |
| 260 |
_aLeón : _b[s.n.], _c1972 ( _fImp. Diocesana) |
||
| 300 |
_a251 p. ; _c25. |
||
| 600 | 1 | 4 |
_aCrémer, Victoriano. _941488 |
| 852 |
_aES-MaACL _jC-53807 _bR.87015 |
||
| 999 |
_c107462 _d107462 |
||